000 00406nam a2200145Ia 4500
008 240729s9999 xx 000 0 und d
022 _a2776-6101
245 0 _aIndonesian Journal of Teaching in Science
260 _aIndonesia
260 _bUniversitas Pendidikan Indonesia
650 _aEducation
856 _uhttps://doaj.org/toc/7690a3604f5f4153a22a910470606502
942 _2ddc
942 _cDOAJEJ
999 _c71285
_d71285
945 _a1
_bMadushi Gamage
_c1
_dMadushi Gamage